| 000 | 00942cam a22002651 4500 | ||
|---|---|---|---|
| 999 |
_c127451 _d127451 |
||
| 001 | 6613205 | ||
| 003 | ARRUPE | ||
| 005 | 20180119114033.0 | ||
| 008 | 750522s1967 xx 000 0 fre | ||
| 010 | _a 67107825 | ||
| 035 | _a(OCoLC)1351968 | ||
| 040 |
_aDLC _cMCW _dDLC |
||
| 042 | _apremarc | ||
| 050 | 0 | 0 |
_aBX830 1962 _b.P7 U64 |
| 082 | _a262/.5 | ||
| 245 | 0 | 0 |
_aPoints de vue de théologiens protestants, _bétudes sur les décrets du Concile Vatican II, _cpar J. Bosc, M. Ferrier-Welti, P. Romane-Musculus, A. Roux ... [etc.] |
| 260 |
_aParis, _bÉditions du Cerf, _c1967. |
||
| 300 |
_a271p. _c23cm. |
||
| 440 | 0 |
_aUnam sanctam, _v64 _938743 |
|
| 504 | _aBibliographical footnotes. | ||
| 650 |
_aVatican Council, 2nd. _xDecrees _xCommentaries _917478 |
||
| 700 | 1 |
_aBosc, Jean. [et al] _938744 |
|
| 906 |
_a7 _bcbc _coclcrpl _du _encip _f19 _gy-gencatlg |
||
| 942 |
_2lcc _cMONOGRAPH |
||